Probability /

Gespeichert in:
Bibliographische Detailangaben
1. Verfasser: Pitman, Jim
Format: Sách giấy
Sprache:English
Veröffentlicht: California : Springer , 1993
Tags: Tag hinzufügen
Keine Tags, Fügen Sie den ersten Tag hinzu!
Thư viện lưu trữ: Thư viện Trường Đại học Đà Lạt
LEADER 00525nam a2200241 4500
001 DLU020019453
005 ##1/11/2002
020 # # |a 978- 
041 # # |a eng 
082 # # |a 519.2  |b PI-J 
100 # # |a Pitman, Jim 
245 # # |a Probability /  |c Jim Pitman  
260 # # |a California :  |b Springer ,  |c 1993 
300 # # |a 559 tr., X;   |c 21 cm. 
992 # # |a 27000 
994 # # |a DLU 
900 # # |a False 
911 # # |a Administrator 
925 # # |a G 
926 # # |a A 
927 # # |a SH 
980 # # |a Thư viện Trường Đại học Đà Lạt